Алеко Константинов в семейна и роднинска среда (Запис номер 204389)
[ съкратено ]
| 000 -Лидер | |
|---|---|
| Контролно поле с фиксирана дължина | 02364nam a2200433 c 4500 |
| 003 - Код на организацията, давaща контролен номер | |
| Контролно поле | BLK |
| 005 - Дата и час на последна редакция | |
| Контролно поле | 20240704005341.0 |
| 008 - Елементи от данни с фиксирана дължина | |
| fixed length control field | 180411b bul|||||r ||||||| ||bul|| |
| 010 ## - Наследен системен номер | |
| LC control number | KNG00213948000 |
| 040 ## - Източник на каталожния запис | |
| Идентификатор на билиотеката - собственик на записа | BLK |
| 041 ## - Код за език | |
| Код за езика на текст/звукозапис или на отделно заглавие | Български |
| Код за езика КДБФ | Български |
| 072 #7 - Код за тематичната категория | |
| Код организация | bullib |
| Код за тематична категория | А |
| Текст | Фонд Михаил Арнаудов |
| 072 #7 - Код за тематичната категория | |
| Код организация | bullib |
| Код за тематична категория | Я |
| Текст | Автографи |
| 080 ## - УДК | |
| Текстов определител УДК | Българска литература |
| УДК код - определител по УДК | 821.163.2 |
| УДК определител | (092) |
| УДК - код + определител | 821.163.2(092) |
| 080 ## - УДК | |
| Текстов определител УДК | Български писател, адвокат и общественик (1863-1897) |
| УДК код - определител по УДК | 929 Константинов, Алеко Иваницов |
| УДК - код + определител | 929 Константинов, Алеко Иваницов |
| 100 1# - Редна дума - Автор | |
| Автор | Иванова, Екатерина Емануилова |
| Авторска отговорност | първи автор |
| R(LIN) | 376848 |
| 139 ## - Редно поле | |
| Редна дума | Иванова, Екатерина Емануилова |
| Авторски знак | Констан - К 82 |
| 245 10 - Сведения за заглавието | |
| Заглавие | Алеко Константинов в семейна и роднинска среда |
| Редно поле (дума) | Екатерина Емануилова Иванова. |
| 257 ## - Страна на издаване | |
| Страна на създаване/издаване | България |
| 260 ## - Област на издателските данни | |
| Година на издаване | 1939 |
| Печатница | София : Придворна печ. |
| 300 ## - Физическа характеристика | |
| Страници | 48 с. |
| Илюстрации и др. | с портр. |
| Размери/Мащаб | 24 см |
| 380 ## - Жанр | |
| Жанр | Литературознание |
| 490 ## - СЕРИИ (Колекции) | |
| 9 (RLIN) | 396381 |
| Име на серия | Частна колекция - Академик Михаил Арнаудов |
| Бележки за серията | Дарение - Основен фонд |
| 500 ## - Общи забележки | |
| Забележка | Фонд Михаил Арнаудов - ръкопис-писъмце със следното съдържание: Любезни Мишо, Пращам ти настоящата книга, написана от сестра ми която изгуби напълно зрение, като вярвам, че ще те интерисува. С поздрав: Т. Козаров ; Автограф с текст: На проф. М. Арнаудов от Авторката ; Към инв. № 820201 автограф на Михаил Арнаудов и лист от вестник на 43 с. |
| 653 ## - Ключова дума – ненормативна | |
| Ключова дума | Алеко Константинов |
| 653 ## - Ключова дума – ненормативна | |
| Ключова дума | семейство |
| 659 ## - Тематичен бюлетин | |
| Тематичен бюлетин | А |
| 659 ## - Тематичен бюлетин | |
| Тематичен бюлетин | Я |
| 852 ## - Местоположение | |
| Форматна сигнатура | Цб 8.245.7009 |
| 852 ## - Местоположение | |
| Форматна сигнатура | МА 1519 |
| Фондова буква | Фонд "Михаил Арнаудов" |
| 856 4# - Електронен адрес и достъп | |
| Електронен формат | pdf - файл |
| 856 4# - Електронен адрес и достъп | |
| Електронен формат | pdf - файл |
| 999 ## - СИСТЕМНИ КОНТРОЛНИ НОМЕРА | |
| Koha biblionumber | 204389 |
| Koha biblioitemnumber | 204389 |
| 942 ## - АРТИКУЛИ | |
| Вид на библиотечния материал | Книги |
| Скрит в OPAC | Не |
| Периодичен библиозапис | Да |
| 944 ## - СЪЗДАВАНЕ И РЕДАКЦИЯ на ЗАПИСА | |
| Създаване/Редакция | Създаване |
| Дата на регистрацията/редакция | 07.11.2017 |
| Служител, извършил регистрацията/редакцията | |
| Статус, дата на статуса | CRON CRON |
| 944 ## - СЪЗДАВАНЕ И РЕДАКЦИЯ на ЗАПИСА | |
| Създаване/Редакция | Редакция |
| Дата на регистрацията/редакция | 07.11.2017 |
| Служител, извършил регистрацията/редакцията | Геновева_Генчева |
| 999 ## - СИСТЕМНИ КОНТРОЛНИ НОМЕРА | |
| Koha biblioitemnumber | 204389 |
| 999 ## - СИСТЕМНИ КОНТРОЛНИ НОМЕРА | |
| Koha biblioitemnumber | 204389 |
| 999 ## - СИСТЕМНИ КОНТРОЛНИ НОМЕРА | |
| Koha biblioitemnumber | 204389 |
| Код за отписване | Код за изгубен артикул | Източник на класификационната схема | Код за повреда | Коз за рестрикции | Код за отдаване | Артикулен № | Име на библиотеката - собственик | Име на библиотеката, в която се намира в момента | Статус (Текущо местоположение) | Дата на вписване в системата | Местоположение - отдел | Цена в лева | Инвентарен номер | Систематично азбучна сигнатура | Баркод | Номер на екземпляра | Цена в евро | Служебна бележка | Служебен тип на артикула | Номерация (Хронология) |
|---|---|---|---|---|---|---|---|---|---|---|---|---|---|---|---|---|---|---|---|---|
| Не е изгубен | Universal Decimal Classification | Не е повреден | само за читалня | ползва се в читалня | 352446 | Регионална библиотека "Любен Каравелов" Русе | Регионална библиотека "Любен Каравелов" Русе | Хранилище | 1939-01-01 | Основен фонд - ползва се само за читалня | 0.04 | 7009 | Цб 8.245.7009 | 900000075593 | 1 | 0.02 | N: стар фонд Дата: 01.01.1939 | Книги | ||
| Не е изгубен | Universal Decimal Classification | Не е повреден | само за читалня | Специални фондове ( старопечатни, редки и ценни, фонд М. Арнаудов) | 352447 | Регионална библиотека "Любен Каравелов" Русе | Регионална библиотека "Любен Каравелов" Русе | Фонд "Михаил Арнаудов" | 1973-01-01 | Фонд "Михаил Арнаудов" | 15.00 | 588527 | МА 1519 | 120000588527 | 2 | 7.67 | Дост: DA Вид: А N: стар фонд Дата: 01.01.1973 | Книги | Автограф: Екатерина Иванова | |
| Не е изгубен | Universal Decimal Classification | Не е повреден | само за читалня | Специални фондове ( старопечатни, редки и ценни, фонд М. Арнаудов) | 688291 | Регионална библиотека "Любен Каравелов" Русе | Регионална библиотека "Любен Каравелов" Русе | Фонд "Михаил Арнаудов" | 2019-01-17 | Фонд "Михаил Арнаудов" | 5.00 | МА 1519 | 120000820201 | 2.56 | Книги |